Obra completa de Walter Kasper
Gardado en:
| Autor Principal: | |
|---|---|
| Formato: | Libro |
| Idioma: | Lingua castelá |
| Publicado: |
Maliaño
Sal Terrae
2017
|
| Edición: | 1a. ed |
| Series: | Colección Presencia Teológica, 257
|
| Subjects: | |
| Tags: |
Engadir etiqueta
Sen Etiquetas, Sexa o primeiro en etiquetar este rexistro!
|
MARC
| LEADER | 00000cam a2200000 a 4500 | ||
|---|---|---|---|
| 001 | UCC3351 | ||
| 003 | CL-VaPUC | ||
| 008 | 180427e20170000sp |||||||||||||||||spa|d | ||
| 020 | |a 9788429326901 | ||
| 082 | 0 | 4 | |a 230 |b KAS |2 21 |
| 100 | |a Kasper, Walter |e autor |9 597382 | ||
| 245 | 1 | 0 | |a Obra completa de Walter Kasper |
| 250 | |a 1a. ed | ||
| 300 | |a v | ||
| 942 | |c BK | ||
| 945 | |d 20180427 13:12:00 |a arojas | ||
| 260 | |a Maliaño |b Sal Terrae |c 2017 | ||
| 500 | |a v.7: Evangelio y dogma. Fundamentación de la dogmática | ||
| 650 | 0 | |a Teología dogmática |9 313198 | |
| 650 | 0 | |a Iglesia Católica |9 256114 | |
| 650 | 7 | |a EVANGELIO |2 CL-VaPUC |9 368586 | |
| 583 | |a last modification |c 20180427 13:12:00 |k Rodrigo Vera | ||
| 490 | 0 | |a Colección Presencia Teológica, 257 | |
| 999 | |c 371101 |d 371099 | ||
| 952 | |0 0 |1 0 |3 erb |4 0 |6 230_000000000000000_KAS_2017 |7 0 |8 A |9 487980 |a BIBTEO |b BIBTEO |h v.7 |i 5468159 |l 5 |o 230 KAS 2017 |p 5468159 |r 2025-01-17 |s 2020-10-06 |w 2019-11-24 |y BK |z Catalogado en:20180427 |k ICR | ||